Famous People Named "Berg" - Statistics

General Stats
  • This quiz has been taken 178 times
  • The average score is 9 of 15
Answer Stats
Life Hint Person % Correct
1984– Facebook founder Mark Zuckerberg
91%
1400–1468 Invented the printing press Johannes Gutenberg
85%
1955– Actress in Sister Act and Ghost Whoopi Goldberg
85%
1883–1970 Cartoonist of complicated gadgets performing simple tasks Rube Goldberg
82%
1946– The most commercially successful director in history Steven Spielberg
81%
2003– Swedish environmental activist Greta Thunberg
76%
1915–1982 Swedish actress in Casablanca Ingrid Bergman
69%
1971– Actor in Boogie Nights, The Departed and Ted Mark Wahlberg
69%
1983– Acted as the Facebook founder in The Social Network Jesse Eisenberg
58%
1978– Lonely Island, SNL, and Brooklyn Nine-Nine Andy Samberg
54%
1915–1953 American woman convicted of spying for the Soviet Union Ethel Rosenberg
47%
1926–1997 Beat poet of "Howl" Allen Ginsberg
44%
1901–1976 German physicist who pioneered quantum mechanics Werner Heisenberg
43%
1946– Murphy Brown actress Candice Bergen
38%
1968–2005 Stand-up comedian of one-liners and non sequiturs Mitch Hedberg
10%
No matching quizzes found
Score Distribution
Percent of People with Each Score
Percentile by Number Answered
Your Score History
You have not taken this quiz